书目信息 |
| 题名: |
英国2003年引渡法
|
|
| 作者: | 彭胜娟 , 梁文钧 , 许文琼 译 | |
| 分册: | ||
| 出版信息: | 北京 中国政法大学出版社 2007.01 |
|
| 页数: | 217页 | |
| 开本: | 21cm | |
| 丛书名: | ||
| 单 册: | ||
| 中图分类: | D561.21 | |
| 科图分类: | ||
| 主题词: | 引渡法--yin du fa--英国--2003 | |
| 电子资源: | ||
| ISBN: | 7-5620-2997-0 | |
| 000 | 00912nam0 2200241 450 | |
| 001 | 012007112365 | |
| 005 | 20070929105631.46 | |
| 010 | @a7-5620-2997-0@dCNY19.00 | |
| 100 | @a20070725d2007 km y0chiy0120 ea | |
| 101 | 0 | @achi |
| 102 | @aCN@b110000 | |
| 105 | @ay z 000yy | |
| 200 | 1 | @a英国2003年引渡法@Aying guo 2003 nian yin du fa@f许文琼, 彭胜娟, 梁文钧译@Fxu wen qiong,peng sheng juan,liang wen jun yi |
| 210 | @a北京@c中国政法大学出版社@d2007.01 | |
| 215 | @a217页@d21cm | |
| 330 | @a本书是其最新的一部引渡立法,它具有一些鲜明的现代化特点:(1)引渡合作问题上的区别对待政策;(2)放弃被动引渡方面的条约前置主义;(3)建立更加公平和具有权威性的上诉审理等。 | |
| 606 | 0 | @a引渡法@Ayin du fa@y英国@z2003 |
| 690 | @aD561.21@v4 | |
| 701 | 0 | @a彭胜娟@Apeng sheng juan@4译 |
| 701 | 0 | @a梁文钧@Aliang wen jun@4译 |
| 701 | 0 | @a许文琼@Axu wen qiong@4译 |
| 801 | 0 | @aCN@c20070929 |
| 905 | @dD561.21@eX905 | |
| 英国2003年引渡法/许文琼, 彭胜娟, 梁文钧译.-北京:中国政法大学出版社,2007.01 |
| 217页;21cm |
| ISBN 7-5620-2997-0:CNY19.00 |
| 本书是其最新的一部引渡立法,它具有一些鲜明的现代化特点:(1)引渡合作问题上的区别对待政策;(2)放弃被动引渡方面的条约前置主义;(3)建立更加公平和具有权威性的上诉审理等。 |
| ● |
| 相关链接 |
|
|
|
正题名:英国2003年引渡法
索取号:D561.21/X905
 
预约/预借
| 序号 | 登录号 | 条形码 | 馆藏地/架位号 | 状态 | 备注 |
| 1 | 248370 | 202483703 | 社科库509/509社科库 71排5列1层/ [索取号:D561.21/X905] | 在馆 | |
| 2 | 248371 | 202483712 | 社科库509/509社科库 71排5列1层/ [索取号:D561.21/X905] | 在馆 |